Cooperative learning in the classroom /
Uložené v:
| Hlavní autori: | , , |
|---|---|
| Médium: | Kniha |
| Jazyk: | English |
| Vydané: |
Alexandria :
Association for Supevision and Curriculum Development,
1994
|
| Vydanie: | [1st ed.] |
| Témy: | |
| ISBN: |
0871202395 (brož.) |
| Fyzický popis: |
vi, 110 s. : il., tab. ; 23 cm |
| Tagy: |
Pridať tag
Žiadne tagy, Buďte prvý kto otaguje tento záznam!
|
Titul je dostupný aj v ... 

MARC
| LEADER | 00000nam a2200000 a 4500 | ||
|---|---|---|---|
| 001 | 000012421 | ||
| 005 | 20050825110607.0 | ||
| 008 | 050615s1994 xxua e b 000 0 engo | ||
| 020 | |a 0871202395 (brož.) | ||
| 040 | |a SVKKK |b slo |c SVKKK |e AACR2 | ||
| 041 | 0 | |a eng | |
| 044 | |a xxu |c US | ||
| 072 | 7 | |a 37 |x Výchova a vzdelávanie |2 konspekt | |
| 080 | |a 37 |2 1997 | ||
| 080 | |a 371.311.4 |2 1997 | ||
| 080 | |a 371.311.5 |2 1997 | ||
| 080 | |a (072) |2 1997 | ||
| 100 | 1 | |a Johnson, David W., |d 1940- |4 XXXXXXX | |
| 245 | 1 | 0 | |a Cooperative learning in the classroom / |c David W. Johnson, Roger T.Johnson, Edythe J. Holubec |
| 250 | |a [1st ed.] | ||
| 260 | |a Alexandria : |b Association for Supevision and Curriculum Development, |c 1994 | ||
| 300 | |a vi, 110 s. : |b il., tab. ; |c 23 cm | ||
| 504 | |a Bibliografia s. 109-110 | ||
| 650 | 0 | 7 | |a vzdelávanie |2 SVKKKPH |
| 650 | 0 | 7 | |a skupinová práca |2 SVKKKPH |
| 650 | 0 | 7 | |a vyučovanie v triede |2 SVKKKPH |
| 655 | 7 | |a metodické príručky |2 SVKKKPH | |
| 655 | 7 | |a príručky |2 SVKKKPH | |
| 700 | 0 | |a Roger T., |d 1938- |4 aut | |
| 700 | 1 | |a Holubec, Edythe Johnson |4 aut | |
| 919 | |a 0-87120-239-5 | ||
| 998 | |a BK | ||
| 090 | |g SCKUS |k Americké centrum |a IV.193341 |j 969584 |i 2720036219 |s Voľný výber | ||